Statistiques concernant Signes astrologiques Chinois - Les éléments

Cliquez ici pour prendre le quiz!

Statistiques générales

  • Ce quiz a été pris 62 fois
  • Le résultat moyen est 4 sur 5

Statistiques - réponses

Réponse% Correct
Eau
98%
Feu
98%
Terre
91%
Métal
39%
Bois
35%

Distribution des résultats

Percentile par nombre de réponses

% des personnes avec chaque résultat

Votre développement - résultats

Vous n’avez pas pris ce quiz